[Event "43rd Pan-American U20"]
[Site "Guayaquil ECU"]
[Date "2018.06.24"]
[Round "9.6"]
[White "Molina Mendoza, Omar"]
[Black "Reinoso Salas, Daniel"]
[Result "0-1"]
[WhiteElo "2214"]
[BlackElo "2067"]
[EventDate "2018.06.19"]
[PlyCount "78"]

1.Nf3 d5 2.g3 c6 3.Bg2 Bg4 4.b3 Nd7 5.Bb2 e6 6.O-O Ngf6 7.c4 Bd6 8.d3 O-O 
9.Nbd2 a5 10.a3 Re8 11.Qc2 e5 12.e4 dxe4 13.dxe4 Qb6 14.Rfc1 Bc5 15.Nf1 
Rad8 16.Ne1 Nf8 17.Nd3 Ne6 18.Nxc5 Qxc5 19.b4 axb4 20.axb4 Qxb4 21.Bxe5 
Nd4 22.Bxd4 Rxd4 23.Ne3 Qc5 24.h3 Be6 25.Qb3 Nxe4 26.Bxe4 Rxe4 27.Kg2 Bc8 
28.Qd3 h5 29.Rd1 h4 30.Qd6 Qxd6 31.Rxd6 hxg3 32.Kxg3 f5 33.Ng2 Be6 34.Rb1 
Re7 35.c5 g5 36.Rd8+ Kg7 37.Rb6 f4+ 38.Kh2 Rc4 39.Rb8 Rxc5 0-1

[Event "43rd Pan-American U20"]
[Site "Guayaquil ECU"]
[Date "2018.06.24"]
[Round "9.7"]
[White "Zambrano, Junior"]
[Black "Araoz Andrade, Ivan Alexander"]
[Result "1-0"]
[WhiteElo "2152"]
[BlackElo "1868"]
[EventDate "2018.06.19"]
[PlyCount "87"]

1.Nf3 c5 2.c4 d6 3.g3 g6 4.Bg2 Bg7 5.d4 cxd4 6.Nxd4 Qb6 7.Nb5 Bd7 8.N1c3 
Bxb5 9.Nxb5 Nc6 10.O-O a6 11.Be3 Qd8 12.Nd4 Rc8 13.Qa4 Bxd4 14.Bxd4 e5 15.
Bc3 Ne7 16.Rad1 O-O 17.Bxc6 Nxc6 18.Qa3 Qg5 19.Rxd6 h5 20.f4 Qg4 21.fxe5 
Qxe2 22.Qc5 Ne7 23.Qf2 Qxf2+ 24.Rxf2 Rc7 25.Rfd2 Nf5 26.Rd7 Rxc4 27.Rxb7 
h4 28.Kf2 g5 29.Rdd7 Nh6 30.Kg2 Re4 31.Kf3 Ra4 32.a3 g4+ 33.Kf2 Re4 34.
gxh4 Rf4+ 35.Kg2 Nf5 36.Bd2 Re4 37.Rb4 Nxh4+ 38.Kf2 f5 39.Rbb7 Rc8 40.Rg7+
Kf8 41.Bb4+ Rxb4 42.axb4 Rc2+ 43.Kg3 Nf3 44.e6 1-0

[Event "43rd Pan-American U20"]
[Site "Guayaquil ECU"]
[Date "2018.06.24"]
[Round "9.8"]
[White "Quizhpe Martinez, Angel"]
[Black "Jaramillo Arce, David"]
[Result "1/2-1/2"]
[WhiteElo "1566"]
[BlackElo "2100"]
[EventDate "2018.06.19"]
[PlyCount "74"]

1.e4 c6 2.d4 d5 3.Nc3 dxe4 4.Nxe4 Bf5 5.Ng3 Bg6 6.h4 h6 7.Nf3 Nd7 8.Bd3 
Bxd3 9.Qxd3 Ngf6 10.O-O e6 11.Ne2 Be7 12.Nf4 O-O 13.c4 Re8 14.Re1 c5 15.d5
exd5 16.Nxd5 Nxd5 17.Qxd5 Qc7 18.Qe4 Nf6 19.Qf5 Rad8 20.Bf4 Qd7 21.Qxd7 
Rxd7 22.Rad1 Rxd1 23.Rxd1 Bf8 24.Re1 Rd8 25.Kf1 a6 26.Re3 b5 27.Ra3 bxc4 
28.Rxa6 Nd5 29.Bd2 Rb8 30.Bc3 Nb4 31.Ra4 Nd3 32.Rxc4 Nxb2 33.Bxb2 Rxb2 34.
a4 Ra2 35.Ne5 Bd6 36.Nd3 Kf8 37.Nxc5 Bxc5 1/2-1/2

[Event "43rd Pan-American U20"]
[Site "Guayaquil ECU"]
[Date "2018.06.24"]
[Round "9.9"]
[White "Aspiazu, Marlon"]
[Black "Rodriguez Horna, Lorenzo"]
[Result "0-1"]
[WhiteElo "1977"]
[BlackElo "1939"]
[EventDate "2018.06.19"]
[PlyCount "96"]

1.d4 f5 2.c4 Nf6 3.Nc3 d6 4.Nf3 g6 5.g3 Bg7 6.Bg2 O-O 7.O-O Qe8 8.Nd5 Nxd5
9.cxd5 Nd7 10.Ng5 Nf6 11.Qb3 h6 12.Ne6 Bxe6 13.dxe6 Rb8 14.Be3 c6 15.d5 c5
16.Rae1 g5 17.Bd2 Qg6 18.Qc2 Kh7 19.e4 fxe4 20.Bc3 Kh8 21.b3 Qh5 22.Bxf6 
Bxf6 23.Bxe4 Bd4 24.Bg6 Qf3 25.Bf7 Qf6 26.Kg2 b5 27.f4 g4 28.Rh1 Kg7 29.h3
gxh3+ 30.Rxh3 Rh8 31.Rh5 Ba1 32.Qd1 Bc3 33.Qg4+ Kf8 34.Re2 Qg7 35.Qf5 Bf6 
36.Qd3 Qh7 37.Bg6 Qg7 38.Bf7 Qg4 39.Rc2 Kg7 40.Kf1 c4 41.bxc4 bxc4 42.Rxc4
Rhc8 43.Rxc8 Rxc8 44.Rh2 Rc1+ 45.Kg2 Rc3 46.Qf1 Bd4 47.Rh3 Rc2+ 48.Kh1 Rc1
0-1

[Event "43rd Pan-American U20"]
[Site "Guayaquil ECU"]
[Date "2018.06.24"]
[Round "9.10"]
[White "Alomia Aldaz, Fernando"]
[Black "Mendoza Criollo, Carlos David"]
[Result "1/2-1/2"]
[WhiteElo "1748"]
[BlackElo "1945"]
[EventDate "2018.06.19"]
[PlyCount "131"]

1.d4 Nf6 2.Nf3 g6 3.Bf4 Bg7 4.e3 O-O 5.Be2 d6 6.h3 Nbd7 7.O-O b6 8.Nbd2 
Bb7 9.c3 Ne4 10.Nc4 Qc8 11.a4 a6 12.Qc2 Bc6 13.Rfd1 Qb7 14.Na3 e5 15.Bh2 
Nef6 16.Qb3 Rfe8 17.Nc2 exd4 18.cxd4 b5 19.axb5 axb5 20.Nb4 Be4 21.Rxa8 
Rxa8 22.Ng5 d5 23.Nxe4 dxe4 24.Rc1 Rc8 25.Nc6 Bf8 26.Qxb5 Nb6 27.Be5 Nfd7 
28.Bg4 Qa8 29.Bxd7 Nxd7 30.Ne7+ Bxe7 31.Qxd7 Bf8 32.Rxc7 Qa1+ 33.Kh2 Rxc7 
34.Qxc7 Qxb2 35.Kg3 Qb4 36.Qc6 Qe7 37.Qf6 Qxf6 38.Bxf6 Bd6+ 39.Be5 Bb4 40.
Kf4 Be1 41.Kxe4 Bxf2 42.Bf6 Kf8 43.Bg5 f5+ 44.Ke5 Kg7 45.e4 h6 46.Bd8 Bg3+
47.Kd5 fxe4 48.Kxe4 Kf7 49.Ba5 Ke6 50.Bd2 h5 51.Bf4 Bh4 52.Be5 Bg5 53.d5+ 
Kd7 54.Kf3 Bd8 55.Kf4 Be7 56.g4 hxg4 57.Kxg4 Bd8 58.Bg3 Bf6 59.Bf4 Bd8 60.
Bg5 Bb6 61.Bf6 Kd6 62.Kg5 Kxd5 63.Kxg6 Bf2 64.Kf5 Be1 65.h4 Bxh4 66.Bxh4 
1/2-1/2